000
00303nam a2200133Ia 4500
100
_a
Foulds L.R.
942
_c
RB
654
_a
graph theory applications
245
_a
Graph Theory Applications
260
_b
Narosa book
_a
New Delhi
_c
1994
082
_a
511.5
_b
PAN
546
_a
ENGLISH
999
_c
31771
_d
31771